Huasteca ; novela mexicana.

Bibliographic Details
Main Author: López y Fuentes, Gregorio, 1897-1966
Format: Book
Language:Spanish
Published: [Mexico] : Ediciones Botas, 1939.

MARC

Tag First Indicator Second Indicator Subfields
LEADER 00000cam a2200000 4500
001 in00000022459
005 20151007064014.0
008 770412s1939 mx 00001 spa
010 |a  39030653  
035 |a (OCoLC)02883494 
035 |a AAD8811AM 
040 |a DLC  |c TOL  |d TXA  |d UtOrBLW 
049 |a TXAM  |c 1 [283560]  |c 2 [413100] 
050 0 0 |a PQ7297.L685  |b H8 
082 0 |a 863.6 
092 |a 863  |b L864h 
100 1 |a López y Fuentes, Gregorio,  |d 1897-1966. 
245 1 0 |a Huasteca ;  |b novela mexicana. 
264 1 |a [Mexico] :  |b Ediciones Botas,  |c 1939. 
300 |a 324 pages ;  |c 20 cm. 
336 |a text  |b txt  |2 rdacontent 
337 |a unmediated  |b n  |2 rdamedia 
338 |a volume  |b nc  |2 rdacarrier 
999 |a MARS 
999 f f |s 7f2e2f8f-7ad0-3413-9664-c0ee97151724  |i f15e2037-0104-3884-86d5-320dd254b79f  |t 0 
952 f f |p ric  |a Texas A&M University  |b Rellis Campus  |c Joint Library Facility  |s JLF  |d Remote Storage  |t 0  |e PQ7297.L685 H8  |h Library of Congress classification  |i unmediated -- volume  |m A14801384739 
998 f f |a PQ7297.L685 H8  |t 0  |l Remote Storage